00347nam a2200121Ia 4500008004100000082001000041100002700051245004100078600001200119630004100131700001200172730004100184090122s9999 xx 000 0 und d b10684 aGardnerbErlecStanley aThe Case of the Long - Legged Models aGardner aThe Case of the Long - Legged Models aGardner aThe Case of the Long - Legged Models